Carregant...

Kuruvikal

Dades bibliogràfiques
Autor principal: Abbas,K.A
Format: Printed Book
Idioma:Malayalam
Publicat:
LEADER 00403nam a2200133Ia 4500
008 111205s9999 xx 000 0 mal d
082 |a 851 M MRB/V 
100 |a Abbas,K.A. 
245 |a Kuruvikal  |c Abbas,K.A. 
260 |c 0 
300 |a 79 
942 |c BK 
999 |c 224826  |d 224826 
952 |0 0  |1 0  |2 ddc  |4 0  |6 S_9R1  |7 0  |9 248219  |a MAL  |b MAL  |c SEC  |d 1972-07-21  |g 0.00  |l 1  |o S9R1  |p MAL8093  |r 2014-12-30  |s 2014-12-30  |v 0.00  |w 2011-12-05  |y BK